| 000 | 00735nam a2200205 a 4500 | ||
|---|---|---|---|
| 001 | 000379189 | ||
| 003 | AM-YEHGA | ||
| 005 | 20250618075951.0 | ||
| 008 | 041109s1939 ai 000 | arm d | ||
| 040 | _aAM-YeHGA | ||
| 041 | 0 | _aarm | |
| 100 | 1 |
_aԴավթյան, Մարգար Դանիելի, _d1910-1964 _92556 |
|
| 245 | 1 | 0 |
_aՅերջանկություն : _b(Պատմվածքներ) / _cՄ. Դավթյան. |
| 260 |
_aԲագու : _bԱդրբեջանի մանկա-պատանեկան հրատ., _c1939. |
||
| 300 |
_a181 էջ ; _c16 սմ. |
||
| 500 | _aՏիտղթ.-ը՝ զուգ. ադրբեջ. և հայ. | ||
| 650 | 1 | 4 |
_aՀայ մանկական գրականություն _xՊատմվածք |
| 942 |
_2udc _cBK |
||
| 090 | _c517698 | ||
| 999 |
_c514176 _d514176 |
||